| 000 | 00640nam a22001817a 4500 | ||
|---|---|---|---|
| 008 | 160927b xxu||||| |||| 00| 0 eng d | ||
| 020 | _a0070069077 | ||
| 050 |
_aHF 5718.2 _b.T45 1996 |
||
| 100 | _aThill, John V. | ||
| 245 |
_aExcellence in business communication/ _cJohn V. Thill and Courtland L. Bov'ee. |
||
| 250 | _a3rd ed. | ||
| 260 |
_aNew York : _bMcGraw-Hill ; _c1996. |
||
| 300 |
_axxviii, 494p. : _bill. ; _c26cm. |
||
| 500 | _aIncludes bibliography and index. | ||
| 650 |
_aBusiness communication _xUnited States _ycase studies. |
||
| 700 | _aBov'ee, Courtland L. | ||
| 942 |
_2lcc _cBOOKS _hHF 5718.2 .T45 1996 |
||
| 999 |
_c14132 _d14132 |
||